000
00290nam a22001337a 4500
008
170131b xxu||||| |||| 00| 0 eng d
020
_a
2900781794854
041
_a
eng
080
_2
10TH
_a
61
100
_a
3
101
_a
SHM
245
_a
MEDICAL EMBYOLOGY
_c
SADLER, T.W
942
_2
udc
_c
BK
999
_c
4103
_d
4103